[Event "RSA-ch U08"]
[Site "Bloemfontein"]
[Date "2016.03.20"]
[Round "1"]
[White "Baboo, Muhammad"]
[Black "Govender, Kaedan"]
[Result "0-1"]
[WhiteElo "730"]
[BlackElo "978"]
[PlyCount "26"]
[EventDate "2016.03.20"]
[EventType "swiss"]
[EventRounds "11"]
[EventCountry "RSA"]
[SourceTitle "CBM 171 Extra"]
[Source "ChessBase"]
[SourceDate "2016.04.26"]
[SourceVersion "1"]
[SourceVersionDate "2016.04.26"]
[SourceQuality "1"]

1. e4 e5 2. Nf3 Nc6 3. Bc4 Nf6 4. Nc3 Nxe4 5. Nxe4 d5 6. Bb5 dxe4 7. Nxe5 Qg5 8. Bxc6+ bxc6 9. Nxc6 Qxg2 10. Rf1 Bg4 11. f3 exf3 12. Rf2 Qg1+ 13. Rf1 f2# 0-1